Estudio de micro-reactores para la generación de gas de síntesis /
Guardado en:
| Otros Autores: | , , |
|---|---|
| Formato: | Manuscrito |
| Idioma: | Spanish |
| Publicado: |
2014.
|
| Materias: | |
| Etiquetas: |
Agregar Etiqueta
Sin Etiquetas, Sea el primero en etiquetar este registro!
|
| LEADER | 01051ntm a22002295a 4500 | ||
|---|---|---|---|
| 001 | EIQ.libpla004480 | ||
| 008 | 140808s2014####ag#######bm###000#0#spa#d | ||
| 005 | 20140812113218.0 | ||
| 245 | 1 | 0 | |a Estudio de micro-reactores para la generación de gas de síntesis / |c Yanina Marianela Bruschi. |
| 260 | |c 2014. | ||
| 300 | |a vi, 165 p. : |b il. col. ; |c 21 cm. | ||
| 500 | |a "Tesis de Doctor en Ingeniería Química". | ||
| 500 | |a Directores de tesis: Dr. Daniel Oscar Borio y Dr. Marisa Noemí Pedernera. | ||
| 502 | |a Tesis (doctor)--Universidad Nacional del Sur. Departamento de Ingeniería Química, 2014. | ||
| 504 | |a Incluye referencias bibliográficas. | ||
| 100 | 1 | |a Bruschi, Yanina Marianela. |4 dis | |
| 700 | 1 | |a Borio, Daniel Oscar. |4 ths | |
| 700 | 1 | |a Pedernera, Marisa Noemí. |4 ths | |
| 710 | 2 | |a Universidad Nacional del Sur. |b Departamento de Ingeniería Química |4 dgg. | |
| 650 | 7 | |a Reactores químicos |x Gas de síntesis |x Hidrógeno | |
| 650 | 7 | |a Chemical reactors |x Synthesis gas (syngas) |x Hydrogen | |
| 859 | |a AR-BbSID |b BIB. PLAPIQUI |h 660.2994 |i B83 |p 6360 | ||
